|
|
|
|
| LEADER |
00000nam0a2200000 4500 |
| 001 |
229272 |
| 005 |
20231101230929.0 |
| 010 |
|
|
|a 9785865475323
|
| 035 |
|
|
|a (RuTPU)RU\TPU\book\249869
|
| 090 |
|
|
|a 229272
|
| 100 |
|
|
|a 20130110d2010 m y0rusy50 ca
|
| 101 |
0 |
|
|a rus
|
| 102 |
|
|
|a RU
|
| 105 |
|
|
|a a j 001zy
|
| 200 |
1 |
|
|a Лингвистика
|e учебное пособие по языку специальности
|f Н. Н. Рогозная
|
| 210 |
|
|
|a Санкт-Петербург
|c Златоуст
|d 2010
|
| 215 |
|
|
|a 133 с.
|c ил.
|
| 225 |
1 |
|
|a Читаем тексты по специальности
|v Вып. 1
|
| 320 |
|
|
|a Библиогр.: с. 131.
|
| 330 |
|
|
|a Данное пособие составлено в соответствии с программой практического курса «Язык специальности», разработанной на кафедре РКИ международного факультета Иркутского государственного университета (ИГУ), и отвечает ГОСТ РФ.Пособие основано на научно-популярных текстах, большая часть которых представляет собой переработанный и адаптированный материал из «Энциклопедического словаря юного филолога» и «Большого энциклопедического словаря. Языкознание». Ключевая лексика текстов переведена на китайский язык. В пособии содержится шесть тем, представленных блоками, в каждом из которых не менее четырёх текстов. Тексты сопровождаются словарём, предтекстовыми и послетекстовыми заданиями, направленными на формирование знаний, умений и навыков в различных видах чтения, а также говорения, письма и аудирования. Третий текст каждой темы (ознакомительное чтение) может быть использован преподавателем для аудирования.Пособие предназначено для студентов, магистрантов, аспирантов, изучающих русский язык как иностранный по направлению «Лингвистика». Входит в серию «Читаем тексты по специальности», которая предназначена для студентов, изучающих русский язык на основном этапе обучения (уровни В1—В2). Отдельные выпуски посвящены как общеобразовательным, так и специальным дисциплинам. Особенно рекомендуется студентам вузов РФ, находящимся на включённом обучении.
|
| 606 |
1 |
|
|a Русский язык
|x Для других народов
|x Учебные руководства и пособия
|2 stltpush
|3 (RuTPU)RU\TPU\subj\26400
|9 50340
|
| 610 |
1 |
|
|a лексика
|
| 610 |
1 |
|
|a разговорная речь
|
| 610 |
1 |
|
|a профессиональная лексика
|
| 610 |
1 |
|
|a чтение
|
| 610 |
1 |
|
|a лингвистика
|
| 610 |
1 |
|
|a упражнения
|
| 686 |
|
|
|a Ш141.2-96
|v LBC/SL-A
|2 rubbk
|
| 700 |
|
1 |
|a Рогозная
|b Н. Н.
|
| 801 |
|
1 |
|a RU
|b 63413507
|c 20130110
|
| 801 |
|
2 |
|a RU
|b 63413507
|c 20170621
|g RCR
|
| 942 |
|
|
|c BK
|